Reunir, hablar y persuadir /

Obra que reúne varios trabajos sobre cómo dirigir una reunión e informar ante un grupo, dedicado especialmente a los hombres de acción, empresarios, políticos, intelectuales, vendedores, profesionales, obreros, entre otros, con el objetivo de tener una guía práctica para el orador.

Kaydedildi:
Detaylı Bibliyografya
Yazar: Riccardi, Riccardo (autor)
Materyal Türü: Kitap
Dil:İspanyolca
Baskı/Yayın Bilgisi: Bilbao, España : Universidad de Deusto, 1967, c1964
Edisyon:3a edición
Seri Bilgileri:(Gestión)
Konular:
Etiketler: Etiketle
Etiket eklenmemiş, İlk siz ekleyin!

MARC

LEADER 00000nam^a2200000^a^4500
001 000139353
005 20250521000000.0
009 20260310095501.201
037 |a Acervo ITESO - Biblioteca 
041 |a ESP 
082 |a 658. 456  |b RIC 
100 |a Riccardi, Riccardo  |e (autor) 
245 1 0 |a Reunir, hablar y persuadir /  |c R. Riccardi. 
250 |a 3a edición 
264 4 |a Bilbao, España :  |b Universidad de Deusto,  |c 1967, c1964 
300 |a 247 p. 
336 |a texto  |b txt  |2 rdacontenido 
337 |a sin mediación  |b n  |2 rdamedio 
338 |a volumen  |b nc  |2 rdasoporte 
440 1 |a (Gestión) 
520 |a Obra que reúne varios trabajos sobre cómo dirigir una reunión e informar ante un grupo, dedicado especialmente a los hombres de acción, empresarios, políticos, intelectuales, vendedores, profesionales, obreros, entre otros, con el objetivo de tener una guía práctica para el orador. 
649 |a XX 
650 |a Conducción de Juntas 
650 |a Trabajo en Equipo 
650 |a Comunicación Organizacional 
650 |a Recursos Humanos 
650 |a Proceso Administrativo -  |x Dirección 
650 |a Administración 
650 |a Ciencias Administrativas 
910 |a Fondo Salvador Reynoso Reynoso 
920 |a Impresos - Libros 
930 |a Fondos Especiales 
905 |a 112 
901 |a 0800014888  |b IT2  |c ESP  |u 20250521 
902 |a https://opac.biblio.iteso.mx/vufind/Record/000139353